000 00306nam a22001337a 4500
008 170407b xxu||||| |||| 00| 0 eng d
020 _a9780024094711
041 _aeng
080 _24 ED
_a616
100 _a9
101 _aSHM
245 _aHUMAN COMUNICATION DISORDERS
_cSHAMES.G.N
942 _2udc
_cBK
999 _c10228
_d10228